Teaching and researching autonomy / (رقم التسجيلة. 26709)

تفاصيل مارك
000 -الفاتح
حقل البيانات ثابتة الطول 01253cam a2200361 a 4500
001 - رقم الضبط
رقم الضبط 16509656
003 - محدد رقم الضبط
رقم الضبط OSt
005 - وقت وتاريخ اخر تعامل مع التسجيلة
رقم الضبط 20150408114108.0
008 - عناصر البيانات ثابتة الطول - معلومات عامة
حقل البيانات ثابتة الطول 101020s2011 enka b 001 0 eng
010 ## - رقم ضبط مكتبة الكونجرس
رقم ضبط مكتبة الكونجرس 2010044155
015 ## - رقم الببليوجرافية الوطنية
رقم الببليوجرافية الوطنية GBB0B6860
المصدر bnb
020 ## - الرقم الدولى المعيارى للكتب
الرقم الدولى المعيارى للكتاب 9781408205013 (pbk.)
020 ## - الرقم الدولى المعيارى للكتب
الرقم الدولى المعيارى للكتاب 1408205017 (pbk.)
035 ## - رقم ضبط النظام
رقم ضبط النظام (OCoLC)ocn678534536
040 ## - مصدر الفهرسة
وكالة الفهرسة الأصلية DLC
وكالة النسخ DLC
وكالة التعديل YDX
-- YDXCP
-- BWK
-- NLE
-- CDX
-- BWX
-- TXH
-- DLC
042 ## - رمز التحقق
رمز التحقق pcc
050 00 - رقم طلب مكتبة الكونجرس
رقم التصنيف LB1060
رقم المادة .B45 2011
082 00 - رقم تصنيف ديوى العشرى
رقم التصنيف 418.0019
رقم الطبعة 22
رقم المادة BPT
100 1# - المدخل الرئيسى - إسم شخصى
الإسم الشخصى Benson, Phil,
التواريخ المصاحبة للاسم 1955-
9 (RLIN) 19225
245 10 - بيان العنوان
العنوان Teaching and researching autonomy /
بيان المسئوليه,etc Phil Benson.
250 ## - بيان الطبعة
بيان الطبعة 2nd ed.
260 ## - PUBLICATION, DISTRIBUTION, ETC. (IMPRINT)
مكان الناشر او الموزع Harlow, England ;
-- New York. :
اسم الناشر او الموزع Longman/Pearson,
تاريخ النشر أو التوزيع 2011.
300 ## - الوصف المادى
التعداد xi, 283 p. :
تفاصيل ماديه اخرى للوعاء ill. ;
أبعاد الوعاء 24 cm.
490 0# - بيان السلسلة
عنوان السلسلة Applied linguistics in action
504 ## - تبصرة ببليوجرافية
تبصرة ببليوجرافية,الخ Includes bibliographical references (p. 249-277) and index.
650 #0 - المدخل الاضافى بالموضوع-مصطلح موضوعى
مصطلح موضوعي أو اسم جغرافي كعنصر مدخل Learning, Psychology of.
9 (RLIN) 10482
650 #0 - المدخل الاضافى بالموضوع-مصطلح موضوعى
مصطلح موضوعي أو اسم جغرافي كعنصر مدخل Learner autonomy.
9 (RLIN) 19226
650 #0 - المدخل الاضافى بالموضوع-مصطلح موضوعى
مصطلح موضوعي أو اسم جغرافي كعنصر مدخل Autonomy (Psychology)
9 (RLIN) 19227
650 #0 - المدخل الاضافى بالموضوع-مصطلح موضوعى
مصطلح موضوعي أو اسم جغرافي كعنصر مدخل Language and languages
التقسيم الفرعي العام Study and teaching.
9 (RLIN) 9720
906 ## - عنصر بيانات محلى F, LDF (RLIN)
a 7
b cbc
c orignew
d 1
e ecip
f 20
g y-gencatlg
942 ## - عناصر المدخل الإضافي( كوها)
مصدر التصنيف او مخطط الترفيف Dewey Decimal Classification
Koha [default] item type DVD
المقتنيات
حالة الفقد نموذج السعر الفعال حالة تلف ليس للاعارة رقم الطلب تاريخ الاكتساب الموقع الحالي الباركود الفرع الرئيسي Date last seen نوع المادة فى نظام كوها مصدر التصنيف او خطة الترفيف Total Checkouts
  2013-03-10     418.0019 BPT 2012-12-29 المكتبة المركزية بالمجمعة (CL) 00401751 المكتبة المركزية بالمجمعة (CL) 2013-03-10 كتاب Dewey Decimal Classification  
  2013-03-10     418.0019 BPT 2012-12-29 المكتبة المركزية بالمجمعة (CL) 00401752 المكتبة المركزية بالمجمعة (CL) 2013-03-10 كتاب Dewey Decimal Classification  
  2013-03-10     418.0019 BPT 2013-01-01 المكتبة المركزية بالمجمعة (CL) 00401549 المكتبة المركزية بالمجمعة (CL) 2013-03-10 كتاب Dewey Decimal Classification